<?xml version="1.0" encoding="UTF-8"?>
<collection xmlns="http://www.loc.gov/MARC21/slim">
 <record>
  <leader>02362nab a2200241 i 4500</leader>
  <controlfield tag="001">publ10268</controlfield>
  <controlfield tag="005">20190522160647.0</controlfield>
  <controlfield tag="008">170117s2016    hu      o     0||   zxx d</controlfield>
  <datafield tag="022" ind1=" " ind2=" ">
   <subfield code="a">1742-5255</subfield>
  </datafield>
  <datafield tag="024" ind1="7" ind2=" ">
   <subfield code="a">10.1080/17425255.2016.1214715</subfield>
   <subfield code="2">doi</subfield>
  </datafield>
  <datafield tag="024" ind1="7" ind2=" ">
   <subfield code="a">3137890</subfield>
   <subfield code="2">mtmt</subfield>
  </datafield>
  <datafield tag="040" ind1=" " ind2=" ">
   <subfield code="a">SZTE Publicatio Repozitórium</subfield>
   <subfield code="b">hun</subfield>
  </datafield>
  <datafield tag="041" ind1=" " ind2=" ">
   <subfield code="a">zxx</subfield>
  </datafield>
  <datafield tag="100" ind1="1" ind2=" ">
   <subfield code="a">Dézsi Livia</subfield>
  </datafield>
  <datafield tag="245" ind1="1" ind2="0">
   <subfield code="a">Intravenous immunoglobulin</subfield>
   <subfield code="h">[elektronikus dokumentum] :</subfield>
   <subfield code="b">pharmacological properties and use in polyneuropathies /</subfield>
   <subfield code="c"> Dézsi Livia</subfield>
  </datafield>
  <datafield tag="260" ind1=" " ind2=" ">
   <subfield code="c">2016</subfield>
  </datafield>
  <datafield tag="300" ind1=" " ind2=" ">
   <subfield code="a">1343-1358</subfield>
  </datafield>
  <datafield tag="490" ind1="0" ind2=" ">
   <subfield code="a">EXPERT OPINION ON DRUG METABOLISM &amp; TOXICOLOGY</subfield>
   <subfield code="v">12 No. 11</subfield>
  </datafield>
  <datafield tag="520" ind1="3" ind2=" ">
   <subfield code="a">Introduction: Intravenous immunoglobulin (IVIg) is increasingly used for the treatment of autoimmune and systemic inflammatory diseases with both licensed and off-label indications. The mechanism of action is complex and not fully understood, involving the neutralization of pathological antibodies, Fc receptor blockade, complement inhibition, immunoregulation of dendritic cells, B cells and T cells and the modulation of apoptosis. Areas covered: First, this review describes the pharmacological properties of IVIg, including the composition, mechanism of action, and adverse events. The second part gives an overview of some of the immune-mediated polyneuropathies, with special focus on the pathomechanism and clinical trials assessing the efficacy of IVIg. A literature search on PubMed was performed using the terms IVIg, IVIg preparations, side effects, mechanism of action, clinical trials, GBS, CIDP. Expert opinion: Challenges associated with IVIg therapy and the treatment possibilities for immune-mediated polyneuropathies are discussed. The availability of IVIg is limited, the expenses are high, and, in several diseases, a chronic therapy is necessary to maintain the immunomodulatory effect. The better understanding of the mechanism of action of IVIg could open the possibility of the development of disease-specific, targeted immune therapies. © 2016 Informa UK Limited, trading as Taylor &amp; Francis Group.</subfield>
  </datafield>
  <datafield tag="700" ind1="0" ind2="1">
   <subfield code="a">Horváth Zoltán</subfield>
   <subfield code="e">aut</subfield>
  </datafield>
  <datafield tag="700" ind1="0" ind2="1">
   <subfield code="a">Vécsei László</subfield>
   <subfield code="e">aut</subfield>
  </datafield>
  <datafield tag="856" ind1="4" ind2="0">
   <subfield code="u">http://publicatio.bibl.u-szeged.hu/10268/1/Dezsi_L._Intravenous_immunoglobulin_proof_u.pdf</subfield>
   <subfield code="z">Dokumentum-elérés </subfield>
  </datafield>
  <datafield tag="856" ind1="4" ind2="0">
   <subfield code="u">http://publicatio.bibl.u-szeged.hu/10268/7/Intravenous_immunoglobulin.pdf</subfield>
   <subfield code="z">Dokumentum-elérés </subfield>
  </datafield>
 </record>
</collection>
